Κατάλογος Βιβλιοθηκών Mediterranean College

Photo Offset / Fundamentals (Record no. 1823)

MARC details
000 -LEADER
fixed length control field 01727cam a22002174a 4500
005 - ΗΜΕΡΟΜΗΝΙΑ ΚΑΙ ΩΡΑ ΤΕΛΕΥΤΑΙΑΣ ΕΝΗΜΕΡΩΣΗΣ
Πεδίο ελέγχου 20250605164020.0
008 - FIXED-LENGTH DATA ELEMENTS--GENERAL INFORMATION
Πεδίο ελέγχου σταθερού μήκους 250528s ||||||||||||||||||||||||d
035 ## - SYSTEM CONTROL NUMBER
System control number 16311
020 ## - ISBN
ISBN 873452321
040 ## - ΠΗΓΗ ΚΑΤΑΛΟΓΟΓΡΑΦΗΣΗΣ
Φορέας πρωτότυπης καταλογογράφησης MC Athens Campus Library
Γλώσσα καταλογογράφησης Ελληνικά, Μοντέρνα (1453-)
Modifying agency MC Athens Campus Library
Κανόνες περιγραφικής καταλογογράφησης AACR2
245 1# - ΤΙΤΛΟΣ ΚΑΙ ΔΗΛΩΣΗ ΥΠΕΥΘΥΝΟΤΗΤΑΣ
Τίτλος Photo Offset / Fundamentals
260 ## - PUBLICATION, DISTRIBUTION, ETC.
Date of publication, distribution, etc. 1973
300 ## - PHYSICAL DESCRIPTION
Extent 448
505 0# - FORMATTED CONTENTS NOTE
Formatted contents note Foreword, Introduction to Photo-Offset Printing, A Brief History of Photo-Offset Printing, The Offset Printing Industry, Job Planning and Layout, Type Composition for Reproduction, Proofreading, Preparing Camera Copy for Reproduction, Line Photography, Halftone Photography, Color Reproduction, Film Developing and Darkroom Procedures, Laying Out and Stripping the Flat, Platemaking, Offset Inks, Papers and Bindery Work, Offset Press Fundamentals, Offset Presswork Operations, Sheet Fed and Web Offset Presses and Duplicators, Offset Presswork Troubleshooting, Shop Safety, Legal Restrictions on Copying, List of Tables.
520 ## - SUMMARY, ETC.
Summary, etc. Foreword, Introduction to Photo-Offset Printing, A Brief History of Photo-Offset Printing, The Offset Printing Industry, Job Planning and Layout, Type Composition for Reproduction, Proofreading, Preparing Camera Copy for Reproduction, Line Photography, Halftone Photography, Color Reproduction, Film Developing and Darkroom Procedures, Laying Out and Stripping the Flat, Platemaking, Offset Inks, Papers and Bindery Work, Offset Press Fundamentals, Offset Presswork Operations, Sheet Fed and Web Offset Presses and Duplicators, Offset Presswork Troubleshooting, Shop Safety, Legal Restrictions on Copying, List of Tables.
700 1# - ΠΡΟΣΘΕΤΗ ΑΝΑΓΡΑΦΗ--ΦΥΣΙΚΟ ΠΡΟΣΩΠΟ
Personal name Cogoli John E
9 (RLIN) 2388
700 1# - ΠΡΟΣΘΕΤΗ ΑΝΑΓΡΑΦΗ--ΦΥΣΙΚΟ ΠΡΟΣΩΠΟ
Personal name Mcknight
9 (RLIN) 2389
942 ## - ADDED ENTRY ELEMENTS (KOHA)
Koha item type Books
Holdings
Τύπος τεκμηρίου Βιβλιοθήκη Τρέχουσα τοποθεσία Barcode Αριθμός εισαγωγής Ημερομηνία απόκτησης Ταξιθετικό σύμβολο Αριθμός αντιτύπου Κατάσταση απόσυρσης Κατάσταση χαμένου Κατάσταση κατεστραμμένου Μη δανεισμός Σύνολο δανεισμών Ημερομηνία τελευταίας εμφάνισης Η τιμή ισχύει από
Books MC Athens Campus Library MC Athens Campus Library 9780000018229 3401 05/06/2025 686.2/315 COG 1           05/06/2025 05/06/2025

MC Athens Campus Library
Πατησίων 94 & Κοδριγκτώνος 13, 104 34
Πελλήνης 8 & Πατησίων 107, 112 51
Τ: +30 210 8899600

MC Thessaloniki Campus Library
Ίωνος Δραγούμη 21, 54625 | Ίωνος Δραγούμη 15, 54625
Τ: +30 2310 287779 – Τ: +30 2314 440300